Statistiques concernant pays les plus pauvres

Cliquez ici pour prendre le quiz!

Statistiques générales

  • Ce quiz a été pris 383 fois
  • Le résultat moyen est 9 sur 21

Statistiques - réponses

PIB par habitantPAYS% Correct
703république démocratique du congo
76%
561somalie
69%
876mali
64%
573niger
62%
929soudan
56%
569soudan du sud
48%
754tchad
47%
967rwanda
44%
1075togo
44%
539madagascar
42%
307burundi
41%
699erythrée
40%
831burkina faso
39%
515république centrafricaine
37%
578mozambique
36%
871yemen
35%
482malawi
34%
471sierra leone
33%
882gambie
30%
873guinée bissau
30%
769libéria
30%

Distribution des résultats

Percentile par nombre de réponses

% des personnes avec chaque résultat

Votre développement - résultats

Vous n’avez pas pris ce quiz